Performance measurement, evaluation and incentives

Bibliographic Details
Format: Book
Published: Boston : Harvard Business School Press , 1992
Subjects:

MARC

LEADER 00000cam a2200000 7i4500
001 0000004367
002 000004693
005 20081217.0
020 |a 0875843506 
090 0 0 |a 658.3125   |b PER 
245 0 0 |a Performance measurement, evaluation and incentives   |c edited by William J.Burns 
260 |a Boston :   |b Harvard Business School Press ,   |c 1992 
300 |a 310p. ;   |c 22cm. 
650 0 0 |a Employee motivation   |x Congresses 
650 0 0 |a Enployees   |x Rating of   |x Congresses 
650 0 0 |a Incentives in industry   |x Congresses 
999 |a 032954   |b BUKU   |c PINJAMAN   |e PERPUSTAKAAN KOMUNITI PETALING JAYA